000 00337pab a2200145 454500
008 180718b2006 xxu||||| |||| 00| 0 eng d
100 _aSinha, Vineeta
245 _aProblematizing received categories
260 _c2006
300 _ap.98-111.
362 _aJan
650 _aHinduism
773 _aCurrent Sociology
909 _a68704
999 _c68704
_d68704